000 004680000a22001930004500
001 001677
003 MACL
005 20151205164908.0
008 151205b xxu||||| |||| 00| 0 eng d
040 _aMACL
_cMACL
041 _aEnglish
082 _a742
100 _aSakshi Parkashan,
_919411
245 _aMy book Of Classic Stories
_cSakshi Parkashan
260 _aSakshi Parkashan
350 _a275
650 _aChildren's Book
_919412
942 _k742
_cBK
_2ddc
999 _c13595
_d13595